[Event "41st Olympiad Women 2014"]
[Site "Tromso NOR"]
[Date "2014.08.05"]
[Round "4.38"]
[Board "1"]
[White "Pulpan, Oana"]
[Black "Mona, Khaled"]
[Result "1-0"]
[WhiteTitle "WFM"]
[BlackTitle "WGM"]
[WhiteElo "1846"]
[BlackElo "2169"]
[WhiteTeam "Malta"]
[BlackTeam "Egypt"]
[WhiteFideId "5600502"]
[BlackFideId "10605908"]
[EventDate "2014.08.02"]

1. d4 Nf6 2. Nf3 g6 3. g3 Bg7 4. Bg2 d5 5. O-O O-O 6. c4 c6 7. Nc3 a6 8. cxd5
cxd5 9. Ne5 Nc6 10. Nxc6 bxc6 11. b3 Bb7 12. Bb2 Nd7 13. Na4 Rc8 14. Rc1 e6 15.
Qd2 Qe7 16. Rc2 h5 17. h4 Kh7 18. Qc1 Rfe8 19. e4 Bh6 20. f4 f6 21. Ba3 Qd8 22.
Qd1 f5 23. e5 Bf8 24. Bc5 Nxc5 25. Nxc5 Bxc5 26. Rxc5 Qb6 27. Bf3 Kg7 28. Qd2
Ra8 29. Qa5 Qxa5 30. Rxa5 Rec8 31. Rc1 Kf7 32. Kf2 Ke7 33. Ke2 Kd7 34. Kd2 Kc7
35. b4 Kb6 36. Rcc5 Rc7 37. Kc3 Rh8 38. Kd3 Rf7 39. Rc2 Rc7 40. Rac5 Ra8 41. Ra5
Bc8 42. Bd1 Rb8 43. a3 Bd7 44. Rc1 Ka7 45. Ba4 Rb6 46. b5 Kb7 47. Rxa6 Rxa6 48.
bxa6+ Kxa6 49. Bc2 c5 50. dxc5 Rxc5 51. Rb1 Bb5+ 52. Kd2 Ka7 53. Rb4 Bf1 54. Ba4
Rc7 55. Be8 Rg7 56. Ke3 Ba6 57. Kd4 Bc8 58. Kc5 Rg8 59. Ba4 Rd8 60. Rb6 d4 61.
Rd6 1-0

[Event "41st Olympiad Women 2014"]
[Site "Tromso NOR"]
[Date "2014.08.05"]
[Round "4.38"]
[Board "3"]
[White "Farrugia, Jamie"]
[Black "Moaataz, Ayah"]
[Result "0-1"]
[WhiteTitle "WCM"]
[BlackTitle "WIM"]
[WhiteElo "1541"]
[BlackElo "1954"]
[WhiteTeam "Malta"]
[BlackTeam "Egypt"]
[WhiteFideId "5600898"]
[BlackFideId "10615873"]
[EventDate "2014.08.02"]

1. e4 c6 2. d4 d5 3. exd5 cxd5 4. c4 Nf6 5. Nc3 e6 6. Bd3 Nc6 7. Nf3 dxc4 8.
Bxc4 Bd6 9. Bg5 O-O 10. Ne4 Be7 11. Nxf6+ Bxf6 12. Bxf6 Qxf6 13. O-O Rd8 14. Qa4
Bd7 15. Be2 Be8 16. Qb3 b6 17. Rac1 Nxd4 18. Nxd4 Rxd4 19. Qc2 Rad8 20. Rfd1
Rxd1+ 21. Rxd1 Rxd1+ 22. Bxd1 Qe5 23. g3 Qc5 24. Kf1 Bb5+ 25. Ke1 Qb4+ 26. Qd2
Qe4+ 27. Qe3 Qxe3+ 28. fxe3 f5 29. Bb3 Kf7 30. Kd2 Kf6 31. Kc3 Ke5 32. Bc2 Bc6
33. a3 Be4 34. Bd1 g5 35. Kb4 Bc6 36. Bc2 a5+ 37. Kc4 h6 38. Bd3 f4 39. exf4+
gxf4 40. gxf4+ Kxf4 41. Be2 e5 42. b4 axb4 43. Kxb4 e4 44. a4 Ke3 45. Bh5 Kf2
46. Bg4 e3 47. a5 bxa5+ 48. Kxa5 Bf3 49. Bd7 e2 50. Kb6 e1=Q 0-1

[Event "41st Olympiad Women 2014"]
[Site "Tromso NOR"]
[Date "2014.08.05"]
[Round "4.38"]
[Board "4"]
[White "Wafa, Shahenda"]
[Black "Axiaq, Ariana"]
[Result "1-0"]
[WhiteTitle "WIM"]
[WhiteElo "1932"]
[BlackElo "1346"]
[WhiteTeam "Egypt"]
[BlackTeam "Malta"]
[WhiteFideId "10609962"]
[BlackFideId "5601703"]
[EventDate "2014.08.02"]

1. e4 c5 2. Nf3 Nc6 3. d4 cxd4 4. Nxd4 g6 5. Nc3 Bg7 6. Be3 Nf6 7. Bc4 e6 8. f4
O-O 9. Bb3 Ne7 10. e5 Ne8 11. O-O d5 12. Qe1 a6 13. Rf3 Bd7 14. Qh4 Nc7 15. Rh3
h5 16. g4 Nc6 17. Qxd8 Rfxd8 18. gxh5 gxh5 19. Rxh5 b5 20. Nxc6 Bxc6 21. Ne2
Rdb8 22. Nd4 Bd7 23. Kf2 f6 24. Rg1 Kf7 25. exf6 Kxf6 26. Rh7 Rg8 27. Nf3 Ne8
28. Bd4+ Kf7 29. Ne5+ 1-0

[Event "41st Olympiad Women 2014"]
[Site "Tromso NOR"]
[Date "2014.08.05"]
[Round "4.39"]
[Board "1"]
[White "Coimbra, Margarida"]
[Black "Caxita, Esperanca"]
[Result "1-0"]
[WhiteTitle "WFM"]
[BlackTitle "WIM"]
[WhiteElo "2071"]
[BlackElo "1727"]
[WhiteTeam "Portugal"]
[BlackTeam "Angola"]
[WhiteFideId "1901192"]
[BlackFideId "10100903"]
[EventDate "2014.08.02"]

1. e4 e5 2. Nf3 d6 3. d4 exd4 4. Nxd4 Nf6 5. Nc3 Be7 6. Bf4 O-O 7. Be2 Nbd7 8.
O-O Nc5 9. Bf3 Bd7 10. Re1 Re8 11. h3 h6 12. Qd2 Bf8 13. Rad1 Ne6 14. Nxe6 Rxe6
15. e5 Ne8 16. Bxb7 Rb8 17. Bd5 Rg6 18. Qd3 Be6 19. Be4 f5 20. Bxf5 Bxf5 21.
Qxf5 Kh7 22. Qxf8 Qd7 23. Bg3 Rxb2 24. exd6 Nxd6 25. Bxd6 cxd6 26. Re8 Rf6 27.
Qg8+ Kg6 28. Ne4 1-0

[Event "41st Olympiad Women 2014"]
[Site "Tromso NOR"]
[Date "2014.08.05"]
[Round "4.39"]
[Board "2"]
[White "Domingos, Maria M"]
[Black "Monteiro, Sara Cristina da Silva"]
[Result "0-1"]
[BlackTitle "WCM"]
[WhiteElo "1576"]
[BlackElo "1781"]
[WhiteTeam "Angola"]
[BlackTeam "Portugal"]
[WhiteFideId "10100768"]
[BlackFideId "1909860"]
[EventDate "2014.08.02"]

1. e4 d5 2. exd5 Qxd5 3. Nf3 Bg4 4. Be2 Nc6 5. d3 Nf6 6. Nc3 Qd7 7. Be3 e6 8. a3
Be7 9. h3 Bh5 10. Nh2 Bg6 11. Qd2 Nd4 12. Bd1 Rd8 13. Nf3 Nc6 14. Nh4 Ne4 15.
Nxe4 Bxh4 16. Nc3 O-O 17. O-O Ne5 18. Re1 Nc4 19. Qc1 Nxe3 20. Qxe3 a6 21. Bf3
c6 22. Be4 f5 23. Bf3 Rde8 24. Na4 f4 25. Qb6 Rf5 26. c4 Rg5 27. Rad1 e5 28. Kh2
Bh5 29. Bxh5 Rxh5 30. Nc3 Bd8 31. Qb3 Kh8 32. Ne4 g5 33. Nc5 Qd4 34. Ne4 Qd7 35.
f3 g4 36. fxg4 Qxg4 37. d4 Rg8 38. Qf3 Qg6 39. dxe5 Rxe5 40. Nf2 Qg3+ 41. Kh1
Rxe1+ 42. Rxe1 Qxf3 43. gxf3 Bh4 44. Re2 Rg3 45. Kh2 Rxf3 46. Ng4 Rb3 47. Nh6
Re3 48. Rd2 f3 49. Ng4 0-1

[Event "41st Olympiad Women 2014"]
[Site "Tromso NOR"]
[Date "2014.08.05"]
[Round "4.39"]
[Board "3"]
[White "Jorge, Rita Maria Osorio"]
[Black "Joao, Delfina"]
[Result "1-0"]
[WhiteElo "1693"]
[BlackElo "1534"]
[WhiteTeam "Portugal"]
[BlackTeam "Angola"]
[WhiteFideId "1923161"]
[BlackFideId "10100920"]
[EventDate "2014.08.02"]

1. e4 e6 2. d4 d5 3. Nd2 Nf6 4. e5 Nfd7 5. c3 c5 6. Bd3 Qb6 7. Ne2 Nc6 8. Nf3
cxd4 9. cxd4 Bb4+ 10. Bd2 Bxd2+ 11. Qxd2 Qb4 12. O-O Qxd2 13. Nxd2 O-O 14. Rac1
Nb6 15. a3 a5 16. Nb1 Bd7 17. Nbc3 Rfb8 18. Nb5 h6 19. Nec3 Rd8 20. b3 Na7 21.
Nd6 Bc6 22. f4 Nbc8 23. Ncb5 Nxb5 24. Nxb5 Bxb5 25. Bxb5 Na7 26. Be2 Rdc8 27.
Kf2 Rc6 28. Rxc6 Nxc6 29. Ke3 Rc8 30. Bf3 Na7 31. Kd3 Kf8 32. f5 Ke7 33. fxe6
fxe6 34. Bh5 Rf8 35. Rxf8 Kxf8 36. b4 a4 37. Bd1 b5 38. Ke3 Kf7 39. Be2 g5 40.
Bd3 Kg7 41. h4 Kf8 42. hxg5 hxg5 43. Kf2 Kg7 44. Kg3 g4 45. Kxg4 Kf8 46. Kh5 1-0

[Event "41st Olympiad Women 2014"]
[Site "Tromso NOR"]
[Date "2014.08.05"]
[Round "4.39"]
[Board "4"]
[White "Pires, Luzia"]
[Black "Correia, Sandra Ventura"]
[Result "0-1"]
[WhiteElo "1538"]
[BlackElo "1763"]
[WhiteTeam "Angola"]
[BlackTeam "Portugal"]
[WhiteFideId "10101012"]
[BlackFideId "1928147"]
[EventDate "2014.08.02"]

1. e4 c5 2. Nf3 g6 3. Bc4 Bg7 4. O-O Nc6 5. d3 e6 6. Bg5 Nge7 7. Nc3 h6 8. Be3
d5 9. exd5 exd5 10. Bb5 d4 11. Re1 dxe3 12. Rxe3 O-O 13. h3 Be6 14. Nh2 Qa5 15.
Bxc6 Nxc6 16. Qe1 Nd4 17. Qd1 Rfe8 18. Ne4 Rad8 19. a3 c4 20. Rb1 cxd3 21. cxd3
Bb3 22. Qg4 f5 23. Nf6+ Kf7 24. Qf4 Rxe3 25. Qxe3 f4 26. Qe4 Bxf6 27. Qxb7+ Kg8
28. Ng4 Bg7 29. Kh1 Bd5 30. Qe7 Nf5 31. Qe2 Qb5 32. Qd2 f3 0-1

[Event "41st Olympiad Women 2014"]
[Site "Tromso NOR"]
[Date "2014.08.05"]
[Round "4.40"]
[Board "1"]
[White "Milovic, Aleksandra"]
[Black "Ortiz, Katherine Berenice"]
[Result "1/2-1/2"]
[WhiteTitle "WFM"]
[BlackTitle "WFM"]
[WhiteElo "2170"]
[BlackElo "1864"]
[WhiteTeam "Montenegro"]
[BlackTeam "Honduras"]
[WhiteFideId "933988"]
[BlackFideId "8400474"]
[EventDate "2014.08.02"]

1. d4 Nf6 2. Nc3 d5 3. Bg5 Bf5 4. f3 c6 5. e4 dxe4 6. Bxf6 exf6 7. fxe4 Bg6 8.
a3 Bd6 9. Qf3 Nd7 10. O-O-O b5 11. e5 fxe5 12. Qxc6 Bxa3 13. bxa3 Rc8 14. Qxb5
Rxc3 15. Bd3 e4 16. Ne2 Rxa3 17. Bc4 O-O 18. Bb3 Qc7 19. Kb2 Ra5 20. Qc4 Qxc4
21. Bxc4 Nb6 22. Bb3 Na4+ 23. Bxa4 Rxa4 24. Ra1 Rb8+ 25. Kc3 Rc8+ 26. Kd2 Rac4
27. c3 R4c7 28. h3 Re7 29. Ke3 f6 30. d5 Bf7 31. Kd4 Rec7 32. Rhd1 f5 33. g4
fxg4 34. hxg4 Rc4+ 35. Ke3 Rd8 36. Ra5 h5 37. g5 h4 38. Rd4 Rxd4 39. Kxd4 h3 40.
Nf4 h2 41. Ra1 e3 42. g6 Bxd5 43. Nxd5 e2 44. c4 Re8 45. Re1 h1=Q 46. Rxh1 e1=Q
47. Rxe1 Rxe1 48. Kc5 Re6 49. Nf4 Rf6 50. Nd5 Re6 51. Nf4 Re4 52. Nd3 Kf8 53.
Kd5 Re3 54. Nf4 Ke7 55. c5 Re1 56. Nh5 Rd1+ 57. Kc6 Rg1 58. Kb7 Rxg6 59. c6 Rxc6
60. Kxc6 g6 61. Nf4 g5 62. Nh5 Ke6 63. Kb5 Kf5 64. Ka6 g4 65. Kxa7 Kg5 66. Ng3
Kf4 67. Nh5+ Kf3 68. Kb6 Kg2 69. Nf6 1/2-1/2

[Event "41st Olympiad Women 2014"]
[Site "Tromso NOR"]
[Date "2014.08.05"]
[Round "4.40"]
[Board "2"]
[White "Ortiz, Rosa Daniela"]
[Black "Blagojevic, Tijana"]
[Result "0-1"]
[WhiteTitle "WCM"]
[WhiteElo "1540"]
[BlackElo "2095"]
[WhiteTeam "Honduras"]
[BlackTeam "Montenegro"]
[WhiteFideId "8400547"]
[BlackFideId "16500270"]
[EventDate "2014.08.02"]

1. Nf3 d5 2. g3 Bg4 3. Bg2 c6 4. O-O e6 5. d3 Nd7 6. Nbd2 Bd6 7. b3 Ne7 8. Bb2
O-O 9. Re1 e5 10. c4 d4 11. e3 dxe3 12. Rxe3 Bc5 13. Re1 f6 14. Qc2 Qb6 15. Ne4
Bb4 16. Bc3 Bxc3 17. Qxc3 Nf5 18. Nfd2 Nd4 19. Kf1 a5 20. a3 Ne6 21. h3 Bh5 22.
Bf3 Bg6 23. b4 f5 24. c5 Qc7 25. Nd6 b6 26. N6c4 axb4 27. axb4 Rxa1 28. Qxa1
bxc5 29. bxc5 e4 30. Bg2 Nexc5 31. dxe4 fxe4 32. Kg1 Nf6 33. Qd4 Qe7 34. Nd6 Ne6
35. Qe5 Nd7 36. Qc3 Qxd6 37. Nxe4 Bxe4 38. Bxe4 Nd4 39. Qb2 c5 0-1

[Event "41st Olympiad Women 2014"]
[Site "Tromso NOR"]
[Date "2014.08.05"]
[Round "4.40"]
[Board "3"]
[White "Stojanovic, Marija R"]
[Black "Fernandez, Mirna Graciela"]
[Result "1-0"]
[WhiteTitle "WFM"]
[WhiteElo "2100"]
[BlackElo "1521"]
[WhiteTeam "Montenegro"]
[BlackTeam "Honduras"]
[WhiteFideId "931411"]
[BlackFideId "8400482"]
[EventDate "2014.08.02"]

1. e4 e5 2. Nf3 Nc6 3. d4 exd4 4. Nxd4 Nf6 5. Nxc6 bxc6 6. e5 Nd5 7. c4 Nb6 8.
Nd2 Bc5 9. Bd3 O-O 10. O-O Ba6 11. Qc2 h6 12. Qc3 d5 13. exd6 Qxd6 14. Ne4 Bd4
15. Qa5 Bxf2+ 16. Nxf2 Bxc4 17. Bxc4 Nxc4 18. Qc3 Nb6 19. Ne4 Qg6 20. Qf3 Nd5
21. Qf5 Qxf5 22. Rxf5 Rfe8 23. Ng3 Rab8 24. b3 Re6 25. Bd2 Ne3 26. Bxe3 Rxe3 27.
Ra5 Ra8 28. Rc1 Re6 29. Ra6 g6 30. Raxc6 Rxc6 31. Rxc6 Rc8 32. Ra6 Ra8 33. Ne4
Kg7 34. Nc3 Rc8 35. Rxa7 c5 36. Ra4 c4 37. Rxc4 Rxc4 38. bxc4 Kf6 39. a4 Ke7 40.
a5 Kd6 41. a6 Kc7 42. c5 1-0

[Event "41st Olympiad Women 2014"]
[Site "Tromso NOR"]
[Date "2014.08.05"]
[Round "4.41"]
[Board "1"]
[White "Zepeda, Lorena"]
[Black "Matoussi, Amina"]
[Result "0-1"]
[WhiteTitle "WIM"]
[BlackTitle "WFM"]
[WhiteElo "2158"]
[BlackElo "1747"]
[WhiteTeam "El Salvador"]
[BlackTeam "Tunisia"]
[WhiteFideId "6700233"]
[BlackFideId "5501164"]
[EventDate "2014.08.02"]

1. e4 d6 2. d4 Nf6 3. Nc3 g6 4. Bg5 Bg7 5. f4 c5 6. e5 Nfd7 7. Nd5 Nc6 8. exd6
f6 9. Nc7+ Kf7 10. Bc4+ e6 11. Bxe6+ Kf8 12. Nxa8 fxg5 13. fxg5 Nxd4 14. Nc7
Qxg5 15. Nf3 Qe3+ 16. Kf1 Nxe6 17. Nxe6+ Qxe6 18. Ng5 Qf5+ 19. Qf3 Qxf3+ 20.
gxf3 Bxb2 21. Re1 Bf6 22. h4 Ne5 23. Ne4 Kf7 24. Nxc5 b6 25. Ne4 Nxf3 26. Re3
Bb7 27. Ke2 Nd4+ 28. Kd3 Nf5 29. Rf3 Rd8 30. Re1 Bxe4+ 31. Rxe4 Rxd6+ 32. Kc4
Rd2 33. Kb4 Rxc2 34. a4 a5+ 35. Kb3 Rb2+ 36. Ka3 Rh2 37. Rb3 Be7+ 0-1

[Event "41st Olympiad Women 2014"]
[Site "Tromso NOR"]
[Date "2014.08.05"]
[Round "4.41"]
[Board "2"]
[White "Matoussi, Amani"]
[Black "Sanchez, Ingrid"]
[Result "0-1"]
[BlackTitle "WFM"]
[WhiteElo "1627"]
[BlackElo "2020"]
[WhiteTeam "Tunisia"]
[BlackTeam "El Salvador"]
[WhiteFideId "5501156"]
[BlackFideId "6700217"]
[EventDate "2014.08.02"]

1. d4 d5 2. Nf3 Nf6 3. e3 g6 4. Bd3 Bg7 5. b3 O-O 6. Bb2 Nbd7 7. Nbd2 c6 8. O-O
Re8 9. Ne5 Nxe5 10. dxe5 Ng4 11. Nf3 Qc7 12. Re1 Nxe5 13. Nxe5 Bxe5 14. Bxe5
Qxe5 15. Qf3 Kg7 16. c4 dxc4 17. Bxc4 Be6 18. Bxe6 Qxe6 19. Red1 Rad8 20. Qf4
Rd6 21. Rxd6 Qxd6 22. Qxd6 exd6 23. Rd1 d5 24. Rd4 Re4 25. Kf1 Rxd4 26. exd4 a5
27. a3 Kf6 28. Ke2 Ke6 29. Kd3 Kd6 30. b4 b6 31. f3 c5 32. bxc5+ bxc5 33. a4 h5
34. Ke3 g5 35. g4 hxg4 36. fxg4 f6 37. h3 cxd4+ 38. Kxd4 Ke6 39. Kd3 Ke5 40. Ke3
d4+ 0-1

[Event "41st Olympiad Women 2014"]
[Site "Tromso NOR"]
[Date "2014.08.05"]
[Round "4.41"]
[Board "3"]
[White "Garcia, Alcira"]
[Black "Marzouk, Amira"]
[Result "0-1"]
[BlackTitle "WCM"]
[WhiteElo "1692"]
[BlackElo "1669"]
[WhiteTeam "El Salvador"]
[BlackTeam "Tunisia"]
[WhiteFideId "6702945"]
[BlackFideId "5501148"]
[EventDate "2014.08.02"]

1. e4 c5 2. Nf3 d6 3. d4 cxd4 4. Nxd4 Nf6 5. Nc3 g6 6. Be3 Bg7 7. f3 O-O 8. Qd2
Nc6 9. g4 Nxd4 10. Bxd4 Be6 11. h4 Qa5 12. h5 Rac8 13. hxg6 fxg6 14. g5 Nh5 15.
Bxg7 Kxg7 16. Bh3 Bxh3 17. Rxh3 Nf4 18. Rg3 Qe5 19. Rg4 Rc5 20. O-O-O Nh5 21.
Qe3 Rf4 22. Ne2 Rf8 23. f4 Qe6 24. Rh4 Qxa2 25. f5 Qa1+ 26. Kd2 Qxb2 27. Nd4
Qb4+ 28. Ke2 Rc3 29. Ne6+ Kg8 30. Qd2 Qc4+ 31. Kf2 Rxc2 32. Nxf8 Rxd2+ 33. Rxd2
Kxf8 0-1

[Event "41st Olympiad Women 2014"]
[Site "Tromso NOR"]
[Date "2014.08.05"]
[Round "4.41"]
[Board "4"]
[White "Ben Said, Safa"]
[Black "Melendez, Gabriela"]
[Result "1/2-1/2"]
[WhiteTitle "WCM"]
[BlackTitle "WFM"]
[WhiteElo "1589"]
[BlackElo "1877"]
[WhiteTeam "Tunisia"]
[BlackTeam "El Salvador"]
[WhiteFideId "5503400"]
[BlackFideId "6700705"]
[EventDate "2014.08.02"]

1. e4 g6 2. Nf3 Bg7 3. d4 d6 4. Bc4 Nf6 5. Nbd2 c6 6. Bb3 Qc7 7. c3 b5 8. Qe2
O-O 9. Nf1 Bd7 10. Ng3 a5 11. Bf4 a4 12. Bc2 c5 13. O-O cxd4 14. cxd4 Nc6 15.
Bd2 Bg4 16. Qd3 Bxf3 17. gxf3 Qb6 18. Ne2 Nd7 19. Be3 Nb4 20. Qd2 Nxc2 21. Qxc2
Rfc8 22. Qd2 Qb7 23. Rac1 Nb6 24. b3 d5 25. Ng3 Qd7 26. e5 axb3 27. axb3 Rxc1
28. Rxc1 Rc8 29. Rxc8+ Nxc8 30. Bh6 Na7 31. Bxg7 Kxg7 32. Qa5 Nc6 33. Qxb5 Nxe5
34. Qxd7 Nxd7 35. Kf1 Kf6 36. Ke2 Nb8 37. f4 Ke6 38. Kd3 Kd6 39. h4 Nd7 40. f5
Nf6 41. fxg6 hxg6 42. Kc3 Kc6 43. Kb4 Kb6 44. Ne2 Ne4 45. f3 Nd2 46. Nc3 e6 47.
Na4+ Kc6 48. f4 Nf3 49. Nc5 Nxd4 50. Nd3 f6 51. Ne1 Nf5 52. Nf3 Kb6 53. Ka4 d4
54. Kb4 e5 55. fxe5 fxe5 56. Nxe5 Nxh4 57. Kc4 g5 58. Kxd4 Kb5 59. Ke4 Kb4 60.
Nf3 Kxb3 61. Nxg5 1/2-1/2

[Event "41st Olympiad Women 2014"]
[Site "Tromso NOR"]
[Date "2014.08.05"]
[Round "4.42"]
[Board "2"]
[White "Adhikari, Ashmita"]
[Black "Mendieta, Kathya"]
[Result "0-1"]
[BlackTitle "WFM"]
[WhiteElo "1663"]
[BlackElo "1877"]
[WhiteTeam "Nepal"]
[BlackTeam "Nicaragua"]
[WhiteFideId "12301329"]
[BlackFideId "6101496"]
[EventDate "2014.08.02"]

1. e4 c5 2. g3 d6 3. Bg2 Nf6 4. d3 e6 5. Nc3 Nc6 6. Nge2 a6 7. f4 Be7 8. O-O O-O
9. h3 Qc7 10. g4 Re8 11. Ng3 Bf8 12. g5 Nd7 13. h4 Nd4 14. h5 Rb8 15. f5 Ne5 16.
Bf4 exf5 17. Bxe5 Rxe5 18. Nd5 Qd8 19. c3 Nc6 20. exf5 Qxg5 21. Qf3 Rxd5 22.
Qxd5 Qxg3 23. Rf3 Qe5 24. Qe4 Qxe4 25. dxe4 Ne5 26. Rg3 Bd7 27. f6 g6 28. hxg6
fxg6 29. Bh3 Bxh3 30. Rxh3 h6 31. Rf1 Kf7 32. Kg2 Re8 33. Rf2 Re6 34. Kg3 Rxf6
35. Rxf6+ Kxf6 36. Rh1 Ke6 37. b3 h5 38. Rd1 Be7 39. c4 g5 40. Rf1 g4 41. Rf5
h4+ 42. Kg2 Nd7 43. Rh5 Bf6 44. Rf5 Ne5 45. Rf1 Nf3 46. Rd1 Be5 47. Rh1 h3+ 48.
Rxh3 gxh3+ 49. Kxf3 h2 50. Kg2 Bf4 51. a3 Ke5 52. b4 cxb4 0-1

[Event "41st Olympiad Women 2014"]
[Site "Tromso NOR"]
[Date "2014.08.05"]
[Round "4.42"]
[Board "3"]
[White "Granados, Maria"]
[Black "Jaiswal, Sangita"]
[Result "1-0"]
[WhiteTitle "WIM"]
[WhiteElo "1899"]
[BlackElo "1667"]
[WhiteTeam "Nicaragua"]
[BlackTeam "Nepal"]
[WhiteFideId "6101488"]
[BlackFideId "12301779"]
[EventDate "2014.08.02"]

1. e4 e5 2. d4 Nc6 3. Nf3 f6 4. Bc4 Nge7 5. Nc3 d6 6. d5 Na5 7. Bd3 c6 8. b4
cxd5 9. bxa5 dxe4 10. Bb5+ Nc6 11. Bxc6+ bxc6 12. Nxe4 Qxa5+ 13. Bd2 Qa6 14. Nh4
Be6 15. Ng3 g6 16. Qf3 f5 17. Ne2 Be7 18. Qh3 Rb8 19. Nxg6 Rg8 20. Nxe7 Rg7 21.
Nxf5 Bxf5 22. Qxf5 Rf7 23. Qe6+ Re7 24. Qg8+ Kd7 25. Qxb8 1-0

[Event "41st Olympiad Women 2014"]
[Site "Tromso NOR"]
[Date "2014.08.05"]
[Round "4.43"]
[Board "1"]
[White "De Blecourt, Sandra"]
[Black "Dahdal, Lougain"]
[Result "1-0"]
[WhiteTitle "WFM"]
[BlackTitle "WIM"]
[WhiteElo "2122"]
[BlackElo "1973"]
[WhiteTeam "Denmark"]
[BlackTeam "Jordan"]
[WhiteFideId "1004948"]
[BlackFideId "8102880"]
[EventDate "2014.08.02"]

1. d4 Nf6 2. c4 g6 3. Nc3 Bg7 4. e4 d6 5. Bd3 O-O 6. Nge2 c5 7. d5 e6 8. O-O
exd5 9. exd5 Nfd7 10. f4 f5 11. Bd2 Na6 12. a3 Nc7 13. Rb1 Nf6 14. h3 Kh8 15.
Ng3 b5 16. b3 a5 17. a4 bxc4 18. bxc4 Na6 19. Nb5 Nb4 20. Bc3 Qb6 21. Kh1 Bd7
22. Re1 Rae8 23. Qd2 Kg8 24. Re2 Rxe2 25. Bxe2 Re8 26. Re1 h5 27. Bf3 Rxe1+ 28.
Qxe1 Kf7 29. Nf1 Bf8 30. Nd2 Qd8 31. Nb3 Be7 32. g3 Ne4 33. Bxe4 fxe4 34. Kh2
Bf5 35. Nd2 Nc2 36. Qe2 e3 37. Nb3 Nb4 38. Qxe3 Bf6 39. Nxa5 Bxc3 40. Nb7 Qd7
41. N7xd6+ Kg8 42. Qxc3 Bxh3 43. Qf6 Qg4 44. Nc3 Nd3 45. Ne8 Qd7 1-0

[Event "41st Olympiad Women 2014"]
[Site "Tromso NOR"]
[Date "2014.08.05"]
[Round "4.43"]
[Board "2"]
[White "Fuad Kamel Jamaliah, Natalie"]
[Black "Frank-Nielsen, Marie"]
[Result "1/2-1/2"]
[WhiteTitle "WIM"]
[BlackTitle "WFM"]
[WhiteElo "2003"]
[BlackElo "1969"]
[WhiteTeam "Jordan"]
[BlackTeam "Denmark"]
[WhiteFideId "724190"]
[BlackFideId "1409344"]
[EventDate "2014.08.02"]

1. d4 g6 2. Bf4 Bg7 3. Nf3 d6 4. e3 Nd7 5. Bc4 e6 6. Nbd2 Ne7 7. c3 O-O 8. O-O
Nf6 9. h3 a6 10. a4 Bd7 11. a5 h6 12. Bb3 Re8 13. e4 Nc6 14. e5 dxe5 15. Bxe5
Nxe5 16. Nxe5 Qe7 17. Ndf3 Red8 18. Re1 c6 19. Qd3 Nd5 20. Qd2 Kh7 21. c4 Nf6
22. Bc2 Be8 23. Qe3 Rac8 24. c5 Nd5 25. Qd2 Qf6 26. Re4 Bf8 27. Rh4 Qg7 28. Ng4
Be7 29. Ng5+ Bxg5 30. Qxg5 Kg8 31. Nxh6+ Kf8 32. Re4 Nf6 33. Rf4 Nh5 34. Re4 Rd5 1/2-1/2

[Event "41st Olympiad Women 2014"]
[Site "Tromso NOR"]
[Date "2014.08.05"]
[Round "4.43"]
[Board "3"]
[White "Olsen, Miriam F"]
[Black "Boshra, Alshaeby"]
[Result "1/2-1/2"]
[BlackTitle "WFM"]
[WhiteElo "2019"]
[BlackElo "1947"]
[WhiteTeam "Denmark"]
[BlackTeam "Jordan"]
[WhiteFideId "1408259"]
[BlackFideId "8102937"]
[EventDate "2014.08.02"]

1. e4 g6 2. d4 Bg7 3. Nf3 c5 4. dxc5 Qa5+ 5. Nc3 Bxc3+ 6. bxc3 Qxc5 7. Qd4 Qxd4
8. cxd4 d6 9. Rb1 Nf6 10. Bb5+ Nfd7 11. Bh6 a6 12. Bc4 Nc6 13. a4 Nf6 14. Bg7
Rg8 15. Bxf6 exf6 16. Rb6 Ke7 17. O-O g5 18. Bd5 g4 19. Nd2 Nxd4 20. Nc4 Rd8 21.
Re1 h5 22. Ne3 Rb8 23. c3 Ne6 24. Nf5+ Kd7 25. Nxd6 Kc7 26. Nxc8 Rdxc8 27. Reb1
Nc5 28. Rxf6 Nxa4 29. Rxf7+ Kd6 30. c4 b5 31. h3 Nc3 32. Ra1 b4 33. Rxa6+ Ke5
34. Ra5 Kd4 35. Rd7 Nxd5 36. Rdxd5+ Kxc4 37. Kf1 b3 38. Ra1 b2 39. Rb1 Kb3 40.
Rdd1 gxh3 41. gxh3 Rd8 42. Re1 Rd2 43. e5 Rf8 44. e6 Rfxf2+ 45. Kg1 Rg2+ 46. Kh1
Rge2 47. e7 Rh2+ 48. Kg1 Rdg2+ 49. Kf1 Rc2 50. Kg1 Rhe2 51. e8=Q Rg2+ 52. Kh1
Rh2+ 53. Kg1 Rcg2+ 54. Kf1 1/2-1/2

[Event "41st Olympiad Women 2014"]
[Site "Tromso NOR"]
[Date "2014.08.05"]
[Round "4.43"]
[Board "4"]
[White "Razan, Alshaeby"]
[Black "Stolberg-Rohr, Thomine"]
[Result "0-1"]
[BlackTitle "WFM"]
[WhiteElo "1804"]
[BlackElo "1960"]
[WhiteTeam "Jordan"]
[BlackTeam "Denmark"]
[WhiteFideId "8102953"]
[BlackFideId "1504258"]
[EventDate "2014.08.02"]

1. c4 c5 2. g3 g6 3. Bg2 Bg7 4. Nc3 Nc6 5. Nf3 d6 6. O-O Bf5 7. d3 Qd7 8. Nd5
Nf6 9. Nxf6+ Bxf6 10. Rb1 O-O 11. Bh6 Rfe8 12. h4 Bh3 13. Qd2 Bxg2 14. Kxg2 d5
15. b3 a6 16. Qf4 Qd6 17. Qg4 Nd4 18. Nxd4 Bxd4 19. h5 Bg7 20. Bxg7 Kxg7 21.
hxg6 hxg6 22. f4 d4 23. f5 Rh8 24. Rf3 Rh6 25. Rbf1 Rah8 26. fxg6 f6 27. Qe4 Qd7
28. Qf5 Qxf5 29. Rxf5 Rh2+ 30. Kf3 R8h5 31. Rxh5 Rxh5 32. Kg2 Kxg6 33. Rf3 Re5
34. Kf2 Kg5 35. e4 dxe3+ 36. Rxe3 Rxe3 37. Kxe3 Kg4 38. Kf2 e6 39. Kg2 Kf5 40.
Kf3 Ke5 41. Ke3 f5 42. a3 a5 43. a4 b6 44. d4+ cxd4+ 45. Kd3 Kd6 46. Kxd4 e5+
47. Kd3 Kc5 48. Kc3 e4 49. Kd2 Kd4 50. Kc2 e3 51. b4 axb4 52. c5 Kxc5 0-1

[Event "41st Olympiad Women 2014"]
[Site "Tromso NOR"]
[Date "2014.08.05"]
[Round "4.44"]
[Board "1"]
[White "Abarca Gonzalez, Damaris"]
[Black "Menon Jayadev, Poornima"]
[Result "1/2-1/2"]
[WhiteTitle "WFM"]
[BlackTitle "WFM"]
[WhiteElo "2049"]
[BlackElo "1935"]
[WhiteTeam "Chile"]
[BlackTeam "Ireland"]
[WhiteFideId "3409414"]
[BlackFideId "2501775"]
[EventDate "2014.08.02"]

1. e4 e6 2. d4 d5 3. exd5 exd5 4. c4 Nf6 5. Nc3 Be6 6. cxd5 Nxd5 7. Nf3 Bb4 8.
Qc2 Nc6 9. Bd3 h6 10. O-O O-O 11. a3 Be7 12. Qe2 Bf6 13. Qe4 g6 14. Bxh6 Re8 15.
Rfe1 Kh7 16. Nxd5 Bxd5 17. Qf4 Rxe1+ 18. Rxe1 Bxf3 19. gxf3 Qxd4 20. Re4 Qd6 21.
Qe3 Bd4 22. Qg5 Qf6 23. Qxf6 Bxf6 24. Bc1 Rd8 25. Be2 Nd4 26. Kf1 c6 27. Bc4 Kg7
28. Kg2 b5 29. Ba2 a5 30. Bf4 Rd7 31. Be5 Bxe5 32. Rxe5 Kf6 33. f4 Ne6 34. Bxe6
fxe6 35. Rc5 Rd2 36. Rxc6 Rxb2 37. Ra6 a4 38. Rc6 Kf5 39. Kg3 Rb3+ 40. f3 Rxa3
41. Rc5+ Kf6 42. Rxb5 Ra1 43. Ra5 a3 44. Kg2 Ra2+ 45. Kg3 Ra1 46. Kf2 a2 47. Kg2
Ke7 48. h3 Kd6 49. Kh2 Kc6 50. Kg2 1/2-1/2